| 000 | 00839nam a2200241 i 4500 | ||
|---|---|---|---|
| 001 | 65428 | ||
| 003 | ES-MaACL | ||
| 005 | 20230906165351.0 | ||
| 007 | t| | ||
| 008 | 040113s1959 sp ||||1| spa d | ||
| 100 | 1 |
_aFreuchen, Peter. _952542 |
|
| 245 | 1 | 3 |
_aEl libro de los siete mares / _cPeter Freuchen y David Lotti ; [versión española de R. Ballester Escalas y Julio Fernández Yáñez]. |
| 250 | _a[1ª ed.]. | ||
| 260 |
_aBarcelona : _bLuis de Caralt, _c[1959] ( _fCasa Provincial de Caridad, Imp. Escuela) |
||
| 300 |
_a480 p., 32 lám. ; _c22 cm. |
||
| 490 | 1 | _aCultura histórica | |
| 700 | 1 |
_aLotti, David. _974304 |
|
| 700 | 1 |
_aBallester Escalas, R. _925014 |
|
| 700 | 1 |
_aFernández-Yáñez, Julio. _950195 |
|
| 830 | 0 |
_aCultura histórica _9182395 |
|
| 852 |
_aES-MaACL _jC-16464 _bR.44210 |
||
| 999 |
_c65428 _d65428 |
||